|
|
|
|
| LEADER |
00000cam a22000004a 4500 |
| 001 |
musev2_29344 |
| 003 |
MdBmJHUP |
| 005 |
20230905043115.0 |
| 006 |
m o d |
| 007 |
cr||||||||nn|n |
| 008 |
070705s2007 dcu o 00 0 eng d |
| 020 |
|
|
|a 9780815777328
|
| 020 |
|
|
|z 0815777329
|
| 020 |
|
|
|z 9780815777359
|
| 035 |
|
|
|a (OCoLC)317384435
|
| 040 |
|
|
|a MdBmJHUP
|c MdBmJHUP
|
| 100 |
1 |
|
|a Schick, Allen,
|e author.
|
| 245 |
1 |
4 |
|a The Federal Budget :
|b Politics, Policy, Process /
|c by Allen Schick.
|
| 250 |
|
|
|a Third edition.
|
| 264 |
|
1 |
|a Washington, D.C. :
|b Brookings Institution Press,
|c 2007.
|
| 264 |
|
3 |
|a Baltimore, Md. :
|b Project MUSE,
|c 2015
|
| 264 |
|
4 |
|c ©2007.
|
| 300 |
|
|
|a 1 online resource (345 pages):
|b illustrations
|
| 336 |
|
|
|a text
|b txt
|2 rdacontent
|
| 337 |
|
|
|a computer
|b c
|2 rdamedia
|
| 338 |
|
|
|a online resource
|b cr
|2 rdacarrier
|
| 500 |
|
|
|a Title from e-book title screen (viewed December 15, 2007).
|
| 505 |
0 |
|
|a Conflict and resolution in federal budgeting -- The evolution of federal budgeting -- The budget's shifting boundaries -- The political rules and arithmetic of budgeting -- The president's budget -- The congressional budget process -- Revenue legislation -- Authorizing legislation -- The appropriations process -- Managing federal expenditures -- Budgeting for the long term -- Federal budget-related websites -- Glossary -- Index.
|
| 520 |
|
|
|a "Updates and expands the assessment of the long-term budgetary outlook, addressing such issues as the collapse of the congressional budgetary process and the threat posed by the termination of discretionary spending caps. Concludes with a look at how the nation's deficit will affect America now and in the future"--Provided by publisher
|
| 546 |
|
|
|a English.
|
| 588 |
|
|
|a Description based on print version record.
|
| 650 |
|
7 |
|a Steuerpolitik
|2 gnd
|
| 650 |
|
7 |
|a Fiskalpolitik
|2 gnd
|
| 650 |
|
7 |
|a Budget process.
|2 fast
|0 (OCoLC)fst00840424
|
| 650 |
|
7 |
|a Budget.
|2 fast
|0 (OCoLC)fst00840336
|
| 650 |
|
7 |
|a BUSINESS & ECONOMICS
|x Taxation
|x General.
|2 bisacsh
|
| 650 |
|
7 |
|a MEDICAL
|x Public Health.
|2 bisacsh
|
| 650 |
|
6 |
|a Processus budgetaire
|z États-Unis.
|
| 650 |
|
0 |
|a Budget process
|z United States.
|
| 650 |
|
0 |
|a Budget
|z United States.
|
| 651 |
|
7 |
|a USA.
|2 swd
|
| 651 |
|
7 |
|a United States.
|2 fast
|0 (OCoLC)fst01204155
|
| 655 |
|
4 |
|a Computer network resources.
|
| 655 |
|
7 |
|a Electronic books.
|2 local
|
| 710 |
2 |
|
|a Project Muse.
|e distributor
|
| 830 |
|
0 |
|a Book collections on Project MUSE.
|
| 856 |
4 |
0 |
|z Texto completo
|u https://projectmuse.uam.elogim.com/book/29344/
|
| 945 |
|
|
|a Project MUSE - Custom Collection
|
| 945 |
|
|
|a Project MUSE - Archive Complete Supplement III
|
| 945 |
|
|
|a Project MUSE - Archive Political Science and Policy Studies Supplement III
|